000 02579nam a22003617a 4500
005 20110201162643.0
008 110127t xxu||||| |||| 00| 0 hin d
010 _aHIN-91737 B-450284-287
020 _c390.00
_a9788126318780
035 _aHN-64083 B-450284-287
037 _bDBAD / PUB
037 _bविर्चुअस
040 _aDPL
_bHN
082 _a
100 _925632
_aपैन्यूली, अर्चना
245 _aवेयर डू आई बिलांगः
_cअर्चना पैन्यूली
_bमेरा घर कहाँ है /
246 _aWhere do i Belong
_bby Archana Painuly
260 _aनई दिल्ली
_bभारतीय ज्ञानपीठ
_c2010
270 _a18, इंन्स्टीटयूशनल एरिया, लोदी रोड
_bनई दिल्ली
_e110003
300 2 _a391पृ.
_c22सेमी (सजिल्द)
490 _aलोकोदय ग्रन्थमालाः ग्रन्थांक 1025; रवीन्द्र कालिया
_943802
650 _9657
_aहिन्दी कथा साहित्य
650 _925656
700 _925634
700 _925670
942 _2ddc
_cHN
_h
_mपैन्यूली
999 _c50288
_d50288